Bio Material Hydroxyapatite Coating on Stainless Steel (Record no. 565465)

000 -LEADER
fixed length control field 00355nam a2200121Ia 4500
008 - FIXED-LENGTH DATA ELEMENTS--GENERAL INFORMATION
fixed length control field 210430s9999 xx 000 0 und d
082 ## - DEWEY DECIMAL CLASSIFICATION NUMBER
Classification number MTL-MS IA/MM 2011
100 ## - MAIN ENTRY--PERSONAL NAME
Personal name Irfan Ahmed
9 (RLIN) 48093
245 ## - TITLE STATEMENT
Title Bio Material Hydroxyapatite Coating on Stainless Steel
Statement of responsibility, etc. Irfan Ahmed
260 ## - PUBLICATION, DISTRIBUTION, ETC.
Place of publication, distribution, etc. NUST (SCME)
Name of publisher, distributor, etc. Dr Mujahid
Date of publication, distribution, etc. 2011
300 ## - PHYSICAL DESCRIPTION
Extent Pg-96
942 ## - ADDED ENTRY ELEMENTS (KOHA)
Koha item type Book
Source of classification or shelving scheme
Holdings
Withdrawn status Lost status Damaged status Not for loan Collection code Permanent Location Current Location Shelving location Date acquired Total Checkouts Full call number Barcode Date last seen Price effective from Koha item type
          School of Chemical & Materials Engineering (SCME) School of Chemical & Materials Engineering (SCME) General Stacks 09/13/7   MTL-MS IA/MM 2011 SCME-T0054 04/30/2021 04/30/2021 Book
© 2023 Central Library, National University of Sciences and Technology. All Rights Reserved.